| 000 | 00572nam a2200217Ia 4500 | ||
|---|---|---|---|
| 003 | OSt | ||
| 005 | 20220926035016.0 | ||
| 006 | a|||||r|||| 00| 0 | ||
| 007 | ta | ||
| 008 | 220923b |||||||| |||| 00| 0 eng d | ||
| 037 | _cGeneral Book | ||
| 040 |
_aRTL _cRTL _beng |
||
| 041 |
_2eng _aeng |
||
| 082 | _aB280G, J2 | ||
| 100 | _aRadhakrishna Rao C | ||
| 245 | 0 | _aAdvance statistical methods in biometric research | |
| 260 | _c1952 | ||
| 650 |
_aStatistics _935791 |
||
| 942 |
_hB280G, J2 _cGB _2CC |
||
| 999 |
_c661115 _d661115 |
||